| 000 | 00506 a2200181 4500 | ||
|---|---|---|---|
| 003 | OSt | ||
| 005 | 20260305121739.0 | ||
| 008 | 231211b |||||||| |||| 00| 0 eng d | ||
| 020 | _a9788182666566 | ||
| 040 | _coclc | ||
| 082 |
_a894.8123 _bMOH/I |
||
| 100 | 1 |
_aMÅhanan, En., _d1933-1999 _96524 |
|
| 245 |
_aInnalathe Mazha / _cN. Mohanan |
||
| 250 | _a2nd ed. | ||
| 260 |
_aKottayam: _bD C Books, _c2016. |
||
| 300 | _a128p. | ||
| 942 |
_2ddc _cBK _h894.8123 _iMOH/I _k894.8123 _mMOH/I |
||
| 999 |
_c44067 _d44067 |
||